2007 mali yılı kesin hesabı (Record no. 9135)

MARC details
000 -BAŞLIK
Sabit Uzunlukta Kontrol Alanı 00719na a2200217 4500
001 - KONTROL NUMARASI
Denetim Alanı 21623
003 - KONTROL NUMARASI IDENTIFIER
Denetim Alanı MIRAKIL
005 - SON İŞLEM TARİHİ VE ZAMANI
Denetim Alanı 20181213155236.0
008 - SABİT-BOY VERİ ELEMANLARI - GENEL BİLGİLER
Sabit Uzunlukta Kontrol Alanı 170207b tu 000 0
040 ## - KATALOGLAMA KAYNAK
Orijinal Kataloglama Ajansı Milas
Kataloglama Dili tur
Metne Dönüştürmek Ajansı TR-AnCHP
041 ## - DİL KODU
Metin / Ses Parça Veya Ayrı Başlığın Dil Kodu tur
082 ## - DEWEY ONLU SINIFLANDIRMA NUMARASI
Sınıflandırma Numarası 351.7225
Ürün Numarası T11i 2007
090 ## - SINIFLAMA NUMARASI
Sınıflama Numarası 351.7225 T11i 2007
110 ## - ANA GİRİŞ - KURUMSAL ADI
Giriş Elemanı Olarak Kurumsal Ad Veya Yargı Alanı Adı T.C. Başbakanlık Hazine Müsteşarlığı
245 ## - BAŞLIK TABLOSU
Başlık 2007 mali yılı kesin hesabı
Sorumluluk Tablosu, Vb Başbakanlık Hazine Müsteşarlığı
260 ## - YAYIN, DAĞITIM, VB
Yayın, Dağıtım, Vb Yeri Ankara
Yayıncı, Dağıtıcı, Vs Adı Başbakanlık Hazine Müsteşarlığı
Yayın, Dağıtım, Vb Tarihi 2007
300 ## - FİZİKSEL TANIM
Kapsam 95 s.
Diğer Fiziksel Ayrıntıları tbl.
Boyutlar 20 sm.
610 ## - KONU KATMA GİRİŞ - TOPLANTI ADI
Giriş Elemanı Olarak Kurumsal Ad Veya Yargı Alanı Adı Başbakanlık Hazine Müsteşarlığı
Genel Alt Bölüm Kesin bütçe
Kronolojik Alt Bölüm 2007
710 ## - KATMA GİRİŞ - KURUMSAL ADI
Giriş Elemanı Olarak Kurumsal Ad Veya Yargı Alanı Adı T.C. Başbakanlık Hazine Müsteşarlığı
942 ## - EKLENDİ GİRİŞ ELEMANLARI (KOHA)
Sınıflandırma Veya Raf Düzeni Kaynak Dewey Decimal Classification
Koha Öğesi Türü Books
999 ## - SİSTEM KONTROL NUMARALARI (KOHA)
Koha Biblionumber 9135
Koha Biblioitemnumber 9135
Holdings
Kalıcı Konum Mevcut Konum Edinme Tarihi Edinim Kaynak Toplam Check-Out'Lar Tam Çağrı Numarası Barkod Tarih Son Görülme İtibaren Geçerli Fiyatlar Koha Öğesi Türü
CHP Kütüphanesi CHP Kütüphanesi 02/06/2017 Bağış   351.7225 T11i 2007 012262 02/06/2017 02/06/2017 Books